Pokemon Protagonists - Statistics

General Stats
  • This quiz has been taken 461 times
  • The average score is 10 of 28
Answer Stats
Main Series Answer % Correct
Red/Blue/Yellow/Fire Red/Leaf Green Male Red
94%
Diamond/Pearl/Platinum Female Dawn
80%
Ruby/Sapphire/Emerald Female May
80%
Ruby/Sapphire/Emerald Male Brendan
69%
Fire Red/Leaf Green Female Leaf
64%
X/Y Female Serena
64%
Gold/Silver/Crystal/Heart Gold/Soul Silver Male Ethan
58%
Diamond/Pearl/Platinum Male Lucas
58%
Black/White Female Hilda
55%
Heart Gold/Soul Silver Female Lyra
53%
X/Y Male Calem
48%
Black/White Male Hilbert
48%
Black 2/White 2 Female Rosa
48%
Crystal Female Kris
41%
Black 2/White 2 Male Nate
38%
Puzzle League Ash Ketchum
24%
Snap Todd Snap
17%
Colosseum Wes
15%
Ranger Female Solana
11%
XD: Gale of Darkness Michael
10%
Ranger: Guardian Signs Male Ben
8%
Ranger Male Lunick
7%
Ranger: Guardian Signs Female Summer
7%
Ranger: Shadow of Almia Female Kate
6%
Ranger: Shadow of Almia Male Kellyn
5%
Trozei Lucy Fleetfoot
4%
Trading Card Game 1 & 2 Male Mark
3%
Trading Card Game 2 Female Mint
3%
No matching quizzes found
Score Distribution
Percent of People with Each Score
Percentile by Number Answered
Your Score History
You have not taken this quiz